Normal view
MARC view
Entry Topical Term
001 - CONTROL NUMBER
- control field: 1637
003 - CONTROL NUMBER IDENTIFIER
- control field: ARRUPE
005 - DATE AND TIME OF LATEST TRANSACTION
- control field: 20130927134250.0
008 - FIXED-LENGTH DATA ELEMENTS
- fixed length control field: 130927|| aca||aabn | a|a d
040 ## - CATALOGING SOURCE
- Original cataloging agency: ARRUPE
- Transcribing agency: ARRUPE
150 ## - HEADING--TOPICAL TERM
- Topical term or geographic name as entry element: Bishops
- Geographic subdivision: Wisconsin
- Geographic subdivision: Milwaukee
- Form subdivision: Biography.
670 ## - SOURCE DATA FOUND
- Source citation: Work cat.: (ARRUPE)0: Weakland, Rembert. 1634, A pilgrim in a pilgrim church :, 2009.